Using open source systems for digital libraries

Na minha lista:
Detalhes bibliográficos
Autor principal: Rhyno, Art
Formato: Livro
Idioma:Undetermined
Publicado em: Westport, CN LU 2004
Assuntos:
Tags: Adicionar Tag
Sem tags, seja o primeiro a adicionar uma tag!
Thư viện lưu trữ: Trung tâm Học liệu Trường Đại học Cần Thơ
LEADER 00528nam a2200193Ia 4500
001 CTU_102900
008 210402s9999 xx 000 0 und d
082 |a 025.00285 
082 |b R479 
100 |a Rhyno, Art 
245 0 |a Using open source systems for digital libraries 
245 0 |c Art Rhyno 
260 |a Westport, CN 
260 |b LU 
260 |c 2004 
650 |a Digital libraries,Open source software 
650 |x Computer programs 
904 |i Minh 
980 |a Trung tâm Học liệu Trường Đại học Cần Thơ